000 00755nam a22002297a 4500
005 20150226124238.0
008 140714b xxu||||| |||| 00| 0 Urdu d
010 _aUR-8692
020 q _c200..00
020 _c9789350733547
035 _aU-7247
037 _bDBAD/Pub.
040 _aDPL
_bUrdu
082 _a844.8
100 _aر ء ف خير
245 _a‎د کن کی چند ہستيا ن :تنقيد ی مضا مين
_cر ء ف خير
246 _aDaccan ki chand hastian (Criticism/Essays)
_bBy Raoof Khair
260 _aد ھلی
_bEducational Publishing House
_c2014
270 _a3108,Vakeel Street,Kucha Pandit,Lal Kuan
_b.Delhi
_e110006
300 _a192ص
_c22Cm (Hb)
942 _2ddc
_cUR
_e
_h844.8
_mر ء ف
999 _c91953
_d91953